000 00554nam a2200217Ia 4500
003 OSt
005 20220924122035.0
006 a|||||r|||| 00| 0
007 ta
008 220923b |||||||| |||| 00| 0 urd d
024 _a307558
037 _cTextual
040 _aARTS
_cARTS
_burd
041 _2urd
_aurd
082 _aN82, 168L7
100 _aKhan Thakur Nawab Ali
_9188037
245 0 _aMoarifunnaghmat
260 _aLahor
_b#NAME?
_c1977
942 _hN82, 168L7
_cTEXL
_2CC
999 _c409955
_d409955